00749nam a2200241 a 450000100060000000300080000600500170001400800410003102000150007203500200008704000260010704100080013308200220014110000160016324501590017925000120033826000500035030000240040049000280042450500150045265000120046783000280047954968BD-RjUL20211209080209.0161113s1995 ii ||||| |||| 00| 0 eng d a8121906261 a(BD-RjUL) 55090 aBD-RjULbengcBD-RjUL aeng 223a530bARB 19951 aArora C. L.10aB. Sc. Physics :bnuclear physics and solid state physics and electronics [including solved short answer questions and numerical problems] /cC. L. Arora  a1st ed. aNew Delhi :bS. Chand and Company Ltd.,c1995 aV. :bill. ;c20 cm aRefresher Course Series0 aVol. 3 --  aPhysics aRefresher Course Series